| 000 | 01167nam a2200313 i 4500 | ||
|---|---|---|---|
| 003 | DO-SdBNP | ||
| 005 | 20251013090306.0 | ||
| 007 | ta | ||
| 008 | 240703s2023 dr 000 0 spa d | ||
| 020 | _a9789945250909 | ||
| 040 |
_aDO-SdBNP _bspa _cBNPHU _erda |
||
| 041 | _aspa | ||
| 082 | 4 |
_axxx _bN789a _222 |
|
| 245 | 0 | 0 |
_aCartas y artículos de Sócrates Nolasco / _ccompilador Rafael Darío Herrera. |
| 264 | 4 |
_aSanto Domingo, República Dominicana : _bArchivo General de la Nación, _c©2023. |
|
| 300 |
_a438 páginas ; _c23 cm. |
||
| 336 |
_atexto _btxt _2rdacontent |
||
| 337 |
_asin mediación _bn _2rdamedia |
||
| 338 |
_avolumen _bnc _2rdacarrier |
||
| 490 | 0 |
_aArchivo General de la Nación ; _v506 |
|
| 500 | _aIncluye datos biográficos del compilador en la solapa de la cubierta portada. | ||
| 500 | _aIncluye notas a pie de páginas. | ||
| 500 | _aIncluye referencias bibliográficas y notas al pie de las páginas | ||
| 590 | _aInventariado, 2024/ YL | ||
| 700 | 1 |
_aHerrera, Rafael Darío _ecompilador _985934 _4comp. |
|
| 710 | 2 |
_aArchivo General de la Nación (República Dominicana) _985400 |
|
| 910 | _aYLockward | ||
| 942 |
_2ddc _cLBS1 |
||
| 999 |
_c57118 _d57118 |
||